IRD QUIZ: A to Z Quiz # 2 - Statistics

General Stats
  • This quiz has been taken 13 times
  • The average score is 19 of 26
Answer Stats
Question Answer % Correct
G Tbilisi is the capital city of which former Soviet republic? Georgia
100%
H The three English kings from The House of Lancaster all had which first name? Henry
100%
Q Doha is the capital of which country in the Middle East? Qatar
100%
T Which 1982 Michael Jackson album sold an estimated 70 million copies? Thriller
100%
Z Which chemical element has the symbol Zn and the atomic number 30? Zinc
100%
A Which country fought against the UK in the Falklands War of 1982? Argentina
88%
K Which mountain in Tanzania is the tallest peak in Africa? Kilimanjaro
88%
L Which is the first city to have hosted the Summer Olympic Games three times? London
88%
N Which grunge rock band produced the influential 1991 album 'Nevermind'? Nirvana
88%
S In the Bible, who did Delilah betray, cutting his hair to diminish his strength? Samson
88%
V Which spirit is used in Cosmopolitan, Mudslide & Screwdriver cocktails? Vodka
88%
W Which is the only U.S state to be named in honour of a former U.S President? Washington
88%
X Which 'Warrior Princess' was played on television by Lucy Lawless? Xena
88%
C The 1998 single 'Believe' was a No. 1 hit in multiple countries for which singer? Cher
75%
E El Alamein, site of two battles during World War 2, is located in which country? Egypt
75%
F Which Mary Shelley novel has the subtitle 'or, the modern Prometheus'? Frankenstein
75%
U Leopold Bloom is the central character of which novel by James Joyce? Ulysses
75%
B In which 1989 Tim Burton film did Michael Keaton play Bruce Wayne? Batman
63%
J Which company produced the E-Type (known as the X-KE in America)? Jaguar
63%
P In which Disney movie did Mel Gibson voice the character John Smith? Pocahontas
63%
O In the 2011 film 'Thor', which character is played by Anthony Hopkins? Odin
50%
Y 'Walking the dog' and 'rocking the baby' are tricks performed on which object? Yo-yo
50%
D Which singer had a number one hit Mercy from their 2008 album Rockferry? Duffy
38%
I The San Marino Grand Prix took place in which town? Imola
38%
M Which Bond film featured Hugo Drax and Dr. Holly Goodhead? Moonraker
38%
R Which is the only Alfred Hitchcock film to have won the Best Picture Oscar? Rebecca
25%
No matching quizzes found
Score Distribution
Percent of People with Each Score
Percentile by Number Answered
Your Score History
You have not taken this quiz